00872 2200313 4500001002100000005001500021035002000036007000300056040001700059100003100076245008300107250001000190300003300200020002200233041000800255082001000263084001600273090002100289264004000310336002100350337003000371338002300401650001100424850001000435008004100445990002400486990002400510990002400534INLIS00000000000959420260416022648 a0010-1222000199ta aSBPUPADbind0 aHetti RestiantiePengarang1 aMembuat Kerajinan Dari Bahan Alami /cHetti Restianti ;Editor,Muhammad Bambang aCet.1 avi,82 hlm. :bilus. ;c21 cm a978-602-8797-24-50 aind a745.5 a745.5 HET m a745.5 HET m 22-8 aBandung :bCipta Dea Pustaka,c2009 2rdacontentateks 2rdamediaatanpa perantara 2rdacarrieravolume 4aKreasi aPUPAD260416 0  a618/S/KAPD/PDG/2012 a619/S/KAPD/PDG/2012 a620/S/KAPD/PDG/2012